[Event "Chigorin Memorial 2018"]
[Site "St. Petersburg"]
[Date "2018.11.01"]
[Round "6.94"]
[White "Ismagilov, Igor"]
[Black "Aleksandrov, Danila"]
[Result "1/2-1/2"]
[WhiteElo "1979"]
[BlackElo "2229"]
[PlyCount "185"]
[EventDate "2018.10.27"]
[EventType "swiss"]
[EventCountry "RUS"]
[WhiteTeam "Russland"]
[BlackTeam "Russland"]
[WhiteTeamCountry "RUS"]
[BlackTeamCountry "RUS"]

1. d4 c5 2. c3 Nf6 3. Bf4 e6 4. e3 Nc6 5. Nd2 d5 6. Bd3 Bd6 7. Bxd6 Qxd6 8. f4 Bd7 9. a3 Ne7 10. Ngf3 Qb6 11. Rb1 Bb5 12. Bxb5+ Qxb5 13. Qe2 Qxe2+ 14. Kxe2 Rc8 15. Ne5 Nd7 16. b4 cxd4 17. cxd4 Nxe5 18. fxe5 Kd7 19. Rbc1 b6 20. Kd3 f6 21. Nf3 Ng6 22. exf6 gxf6 23. g3 e5 24. e4 Ke6 25. exd5+ Kxd5 26. dxe5 fxe5 27. Ke3 Rxc1 28. Rxc1 Re8 29. Rd1+ Ke6 30. Ng5+ Kf5 31. Ne4 Re7 32. h3 Ke6 33. Rd6+ Kf7 34. h4 Kg7 35. h5 Nf8 36. h6+ Kf7 37. Ng5+ Ke8 38. Ke4 Rc7 39. Kxe5 Rc3 40. Ne4 Rxa3 41. g4 Ke7 42. Rc6 Rb3 43. Nf6 Re3+ 44. Kd4 Re6 45. Nd5+ Kd7 46. Rc7+ Kd6 47. b5 Re1 48. Rc6+ Kd7 49. Nf6+ Ke7 50. Nd5+ Kd7 51. Nf6+ Kd8 52. Ne4 Kd7 53. Rf6 Ke7 54. Rf2 Rd1+ 55. Kc3 Rd5 56. Kc4 Re5 57. Nc3 Rc5+ 58. Kb4 Rg5 59. Ra2 Rxg4+ 60. Kb3 Rh4 61. Rxa7+ Nd7 62. Nd5+ Kd6 63. Nc3 Rxh6 64. Ne4+ Ke7 65. Kc4 Rh4 66. Kd5 Rh5+ 67. Kc6 Rh6+ 68. Kd5 Re6 69. Kd4 h5 70. Ng3 Rd6+ 71. Ke3 Rd5 72. Ke4 Ke6 73. Ra1 Rxb5 74. Rh1 Nf6+ 75. Kf4 Re5 76. Rc1 Nd5+ 77. Kf3 h4 78. Ne2 Re3+ 79. Kf2 Ke5 80. Ng1 Re4 81. Nf3+ Kf5 82. Rh1 Rf4 83. Rxh4 Ke4 84. Rxf4+ Nxf4 85. Ng5+ Kd3 86. Kf3 Ne2 87. Ne4 Ng1+ 88. Kf4 b5 89. Nc5+ Kc4 90. Na6 Ne2+ 91. Ke3 Nc3 92. Kd2 Nd5 93. Kc2 1/2-1/2

[Event "Chigorin Memorial 2018"]
[Site "St. Petersburg"]
[Date "2018.11.01"]
[Round "6.95"]
[White "Bajaramov, Elvin"]
[Black "Perov, German"]
[Result "0-1"]
[WhiteElo "1950"]
[BlackElo "2196"]
[PlyCount "38"]
[EventDate "2018.10.27"]
[EventType "swiss"]
[EventCountry "RUS"]
[WhiteTeam "Russland"]
[BlackTeam "Russland"]
[WhiteTeamCountry "RUS"]
[BlackTeamCountry "RUS"]

1. Nc3 Nf6 2. Nf3 d5 3. e4 Nxe4 4. Nxe4 dxe4 5. Ng5 Qd5 6. d3 exd3 7. Bxd3 Bf5 8. Bxf5 Qxf5 9. Be3 e6 10. Qe2 Be7 11. f4 Nc6 12. O-O-O O-O 13. g4 Qa5 14. Kb1 Nb4 15. a3 Nd5 16. Bd2 Qb6 17. c4 Bf6 18. Be1 Nxf4 19. Qe4 Qxb2# 0-1

[Event "Chigorin Memorial 2018"]
[Site "St. Petersburg"]
[Date "2018.11.01"]
[Round "6.96"]
[White "Ivanov, Platon-Jaan"]
[Black "Protasova, Anastasia"]
[Result "1-0"]
[WhiteElo "2176"]
[BlackElo "1974"]
[PlyCount "61"]
[EventDate "2018.10.27"]
[EventType "swiss"]
[EventCountry "RUS"]
[WhiteTeam "Estland"]
[BlackTeam "Russland"]
[WhiteTeamCountry "EST"]
[BlackTeamCountry "RUS"]

1. d4 Nf6 2. c4 e6 3. g3 d5 4. Nf3 Be7 5. Bg2 O-O 6. O-O dxc4 7. Qc2 a6 8. a4 Bd7 9. Rd1 Bc6 10. Nc3 Nd5 11. e4 Nxc3 12. bxc3 b5 13. d5 exd5 14. exd5 Bb7 15. axb5 axb5 16. Rxa8 Bxa8 17. Nd4 Na6 18. Nxb5 Qb8 19. Qa4 Qb6 20. Qxc4 Rd8 21. Be3 Nc5 22. Nd4 Bb7 23. Nf5 Bf8 24. Qh4 Qb3 25. Rf1 Re8 26. Nh6+ Kh8 27. Nxf7+ Kg8 28. Ng5 h6 29. Qh5 Rc8 30. Qf7+ Kh8 31. Bxc5 1-0

[Event "Chigorin Memorial 2018"]
[Site "St. Petersburg"]
[Date "2018.11.01"]
[Round "6.97"]
[White "Rubtsov, Aleksandr"]
[Black "Tahay, Romain"]
[Result "0-1"]
[WhiteElo "1900"]
[BlackElo "2089"]
[PlyCount "62"]
[EventDate "2018.10.27"]
[EventType "swiss"]
[EventCountry "RUS"]
[WhiteTeam "Russland"]
[BlackTeam "Frankreich"]
[WhiteTeamCountry "RUS"]
[BlackTeamCountry "FRA"]

1. e4 c5 2. Nf3 Nc6 3. d4 cxd4 4. Nxd4 Nf6 5. Nc3 d6 6. Bg5 e6 7. Qd2 a6 8. O-O-O h6 9. Nxc6 bxc6 10. Bf4 d5 11. Qe3 Be7 12. Be2 O-O 13. h4 Nd7 14. e5 Re8 15. Qg3 Kh8 16. Bh5 Rf8 17. Be2 Re8 18. Bd3 Rb8 19. Rde1 Qa5 20. Re3 Bf8 21. Rf3 Rxb2 22. Bxh6 gxh6 23. Rxf7 Re7 24. Qg6 Rxf7 25. Qxf7 Bg7 26. Kxb2 Qb4+ 27. Kc1 Qxc3 28. Rh3 Qe1+ 29. Kb2 Qxe5+ 30. Kb3 Qc3+ 31. Ka4 Nc5# 0-1

[Event "Chigorin Memorial 2018"]
[Site "St. Petersburg"]
[Date "2018.11.01"]
[Round "6.98"]
[White "Don, Aleksandr"]
[Black "Putrenko, Kirill"]
[Result "1/2-1/2"]
[WhiteElo "2086"]
[BlackElo "1955"]
[PlyCount "81"]
[EventDate "2018.10.27"]
[EventType "swiss"]
[EventCountry "RUS"]
[WhiteTeam "Russland"]
[BlackTeam "Russland"]
[WhiteTeamCountry "RUS"]
[BlackTeamCountry "RUS"]

1. d4 g6 2. c4 Bg7 3. Nc3 c5 4. d5 Bxc3+ 5. bxc3 f5 6. Nf3 d6 7. Bg5 Qa5 8. Qb3 Nd7 9. e3 Ngf6 10. Nd2 Nb6 11. Bxf6 exf6 12. Bd3 Bd7 13. e4 O-O-O 14. O-O f4 15. f3 g5 16. Bc2 Ba4 17. Qa3 Qa6 18. Bd3 Nd7 19. Be2 Ne5 20. Bd1 Bxd1 21. Qxa6 bxa6 22. Raxd1 Kc7 23. Rb1 Rb8 24. Rb3 Rb6 25. Rfb1 Rhb8 26. Kf2 Kd7 27. Ke2 Ke7 28. Rh1 Kf7 29. g4 Kg7 30. h3 h6 31. Rhb1 Kf7 32. Rh1 Kg7 33. Rhb1 Kf7 34. Kd1 Kg6 35. Ke2 Kf7 36. Kd1 Kg6 37. Ke2 Kf7 38. Kd1 Kg6 39. Ke2 Kf7 40. Kd1 Kg6 41. Ke2 1/2-1/2

[Event "Chigorin Memorial 2018"]
[Site "St. Petersburg"]
[Date "2018.11.01"]
[Round "6.99"]
[White "Kuznetsov, Mikhail"]
[Black "Vetokhin, Ilia"]
[Result "0-1"]
[WhiteElo "1882"]
[BlackElo "2082"]
[PlyCount "112"]
[EventDate "2018.10.27"]
[EventType "swiss"]
[EventCountry "RUS"]
[WhiteTeam "Russland"]
[BlackTeam "Russland"]
[WhiteTeamCountry "RUS"]
[BlackTeamCountry "RUS"]

1. d4 Nf6 2. c4 g6 3. Nc3 Bg7 4. e4 d6 5. Be2 O-O 6. Be3 c5 7. d5 e6 8. Nf3 exd5 9. cxd5 Re8 10. Nd2 b6 11. O-O Ba6 12. f3 Nfd7 13. Bxa6 Nxa6 14. Qa4 Nc7 15. Bf2 a6 16. Qc2 b5 17. a4 Ne5 18. h3 c4 19. Bd4 Rb8 20. Nd1 Na8 21. a5 Qh4 22. f4 Nd3 23. Bxg7 Kxg7 24. f5 Qg3 25. Rf3 Qe5 26. Qc3 Rec8 27. Rb1 b4 28. Qxe5+ Nxe5 29. Rg3 Rc5 30. Ne3 Rbc8 31. fxg6 hxg6 32. Nf5+ Kf8 33. Nxd6 R8c7 34. Nf3 Nd3 35. Ng5 Nxb2 36. Ndxf7 c3 37. d6 b3 38. Rf3 c2 39. Rbf1 c1=Q 40. Ne6+ Ke8 41. Nxc7+ Nxc7 42. dxc7 Nd1 43. c8=Q+ Rxc8 44. Nd6+ Kd7 45. Rd3 Qc5+ 46. Kh2 Nf2 47. Rd5 Qxd5 48. exd5 Kxd6 49. Rxf2 Rb8 50. Rb2 Kxd5 51. Kg3 Kc4 52. Kf4 Rb5 53. g4 Kc3 54. Re2 b2 55. Re1 g5+ 56. Ke4 b1=Q+ 0-1

[Event "Chigorin Memorial 2018"]
[Site "St. Petersburg"]
[Date "2018.11.01"]
[Round "6.100"]
[White "Titievskaya, Elizaveta"]
[Black "Khlopushin, Dmitriy"]
[Result "0-1"]
[WhiteElo "1878"]
[BlackElo "2072"]
[PlyCount "36"]
[EventDate "2018.10.27"]
[EventType "swiss"]
[EventCountry "RUS"]
[WhiteTeam "Russland"]
[BlackTeam "Russland"]
[WhiteTeamCountry "RUS"]
[BlackTeamCountry "RUS"]

1. e4 e5 2. Nf3 Nc6 3. Bb5 f5 4. d4 fxe4 5. Nxe5 Nxe5 6. dxe5 c6 7. Ba4 Qa5+ 8. c3 Qxe5 9. O-O Nf6 10. b4 Bxb4 11. f4 Bc5+ 12. Kh1 Qe7 13. Bb3 d5 14. Bb2 e3 15. Re1 Ne4 16. Qh5+ Kd8 17. Re2 Nf2+ 18. Kg1 Bg4 0-1

[Event "Chigorin Memorial 2018"]
[Site "St. Petersburg"]
[Date "2018.11.01"]
[Round "6.101"]
[White "Kharlamov, Igor"]
[Black "Razumovskiy, Mikhail"]
[Result "1/2-1/2"]
[WhiteElo "2063"]
[BlackElo "1944"]
[PlyCount "84"]
[EventDate "2018.10.27"]
[EventType "swiss"]
[EventCountry "RUS"]
[WhiteTeam "Israel"]
[BlackTeam "Russland"]
[WhiteTeamCountry "ISR"]
[BlackTeamCountry "RUS"]

1. d4 d5 2. c4 c6 3. Nc3 Nf6 4. Nf3 a6 5. e3 e6 6. Bd3 dxc4 7. Bxc4 b5 8. Bd3 c5 9. O-O Bb7 10. dxc5 Bxc5 11. a3 Qc7 12. e4 Nbd7 13. Bg5 Rc8 14. Rc1 Qb8 15. Bh4 Bd6 16. Re1 Ng4 17. Bg3 Bxg3 18. hxg3 Nc5 19. Bb1 Ne5 20. Nxe5 Qxe5 21. f4 Qb8 22. b4 Nd7 23. e5 Qa7+ 24. Kh2 Rd8 25. Qh5 Nb6 26. f5 Rd2 27. Ne4 Bxe4 28. Bxe4 Nc4 29. fxe6 g6 30. Bc6+ Kd8 31. Qg5+ Qe7 32. Qf4 g5 33. Qe4 Qxe6 34. Rcd1 Qh6+ 35. Kg1 Kc7 36. Rxd2 Nxd2 37. Qe3 Qxc6 38. Qxd2 Qb6+ 39. Kh2 Qh6+ 40. Kg1 Qb6+ 41. Kh2 Qh6+ 42. Kg1 Qb6+ 1/2-1/2

[Event "Chigorin Memorial 2018"]
[Site "St. Petersburg"]
[Date "2018.11.01"]
[Round "6.102"]
[White "Ofitserian, Armen"]
[Black "Yun, Vyacheslav"]
[Result "0-1"]
[WhiteElo "2055"]
[BlackElo "1931"]
[PlyCount "93"]
[EventDate "2018.10.27"]
[EventType "swiss"]
[EventCountry "RUS"]
[WhiteTeam "Russland"]
[BlackTeam "Russland"]
[WhiteTeamCountry "RUS"]
[BlackTeamCountry "RUS"]

1. Nf3 d5 2. e3 c5 3. b3 Nf6 4. Bb2 Nc6 5. g3 e6 6. Bg2 Be7 7. O-O O-O 8. d3 Qc7 9. d4 b6 10. Qe2 Bb7 11. Rd1 Rfd8 12. Na3 a6 13. c4 Rac8 14. Ne5 cxd4 15. Nxc6 Bxc6 16. Rxd4 Ne4 17. cxd5 exd5 18. Rdd1 Bxa3 19. Bxa3 Nc3 20. Qg4 Nxd1 21. Rxd1 Qe5 22. h4 Qe6 23. Qd4 b5 24. Bb2 f6 25. Kh2 Qf7 26. Ba3 Re8 27. Bc5 Qh5 28. Rd2 Qe5 29. Qd3 Bb7 30. Bd4 Qd6 31. Bh3 Rc7 32. Bf5 h6 33. Bg4 Bc8 34. Bf3 Qd7 35. Qf1 Qf5 36. Qg2 Be6 37. b4 Rc2 38. e4 dxe4 39. Bxe4 Rxd2 40. Bxf5 Bxf5 41. Qd5+ Be6 42. Qc6 Bf7 43. Bc5 Rxa2 44. g4 Re5 45. Be3 Rxe3 46. g5 hxg5 47. hxg5 0-1

[Event "Chigorin Memorial 2018"]
[Site "St. Petersburg"]
[Date "2018.11.01"]
[Round "6.103"]
[White "Gkogkas, Dimitrios"]
[Black "Grishaev, Igor"]
[Result "1/2-1/2"]
[WhiteElo "2047"]
[BlackElo "1893"]
[PlyCount "145"]
[EventDate "2018.10.27"]
[EventType "swiss"]
[EventCountry "RUS"]
[WhiteTeam "Griechenland"]
[BlackTeam "Russland"]
[WhiteTeamCountry "GRE"]
[BlackTeamCountry "RUS"]

1. d4 Nf6 2. c4 e6 3. g3 d5 4. Bg2 Be7 5. Nf3 O-O 6. O-O Nbd7 7. Qc2 Ne4 8. Bf4 c6 9. Ne5 f5 10. f3 Nd6 11. Nd2 Nf7 12. Nxf7 Rxf7 13. e4 Bg5 14. Bxg5 Qxg5 15. f4 Qf6 16. e5 Qe7 17. cxd5 cxd5 18. Rf3 Nb6 19. b3 Bd7 20. Rc3 Bc6 21. Nf3 a5 22. Ng5 Rff8 23. Rxc6 bxc6 24. Qxc6 Rab8 25. Qxe6+ Qxe6 26. Nxe6 Rfc8 27. Nc5 Kf7 28. Re1 Ke7 29. Bh3 g6 30. g4 fxg4 31. Bxg4 Rf8 32. Rf1 Ra8 33. Ne6 Rfc8 34. Nc5 Rc7 35. f5 gxf5 36. Rxf5 Rg8 37. h3 Nd7 38. Nxd7 Rxd7 39. Rh5 Rg7 40. e6 Rd8 41. Kf2 Kd6 42. Ke3 Rc7 43. Kd2 Rf8 44. Bf5 h6 45. Bg4 Rf2+ 46. Ke3 Rf6 47. Kd2 Rf2+ 48. Ke3 Rxa2 49. Rxh6 Rc3+ 50. Kf4 Rd2 51. e7+ Kxe7 52. Ke5 Rxb3 53. Rh7+ Kf8 54. Kxd5 a4 55. Ra7 a3 56. Kc4 Re3 57. d5 a2 58. d6 Re1 59. Kc3 Rf2 60. Ra8+ Kg7 61. d7 Rc1+ 62. Kb3 Rf8 63. Rxa2 Rb8+ 64. Ka3 Rc3+ 65. Ka4 Rc7 66. d8=Q Rxd8 67. Rb2 Ra8+ 68. Kb3 Kf6 69. Rf2+ Ke5 70. Rf5+ Kd4 71. Rf4+ Ke3 72. Rc4 Rb7+ 73. Rb4 1/2-1/2

[Event "Chigorin Memorial 2018"]
[Site "St. Petersburg"]
[Date "2018.11.01"]
[Round "6.104"]
[White "Zolotyh, Lev"]
[Black "Pogorelskikh, Sofia"]
[Result "1/2-1/2"]
[WhiteElo "1849"]
[BlackElo "2041"]
[PlyCount "83"]
[EventDate "2018.10.27"]
[EventType "swiss"]
[EventCountry "RUS"]
[WhiteTeam "Russland"]
[BlackTeam "Russland"]
[WhiteTeamCountry "RUS"]
[BlackTeamCountry "RUS"]

1. e4 c5 2. Nf3 d6 3. d4 cxd4 4. Nxd4 Nf6 5. Nc3 a6 6. Be2 e5 7. Nb3 Be7 8. Be3 Be6 9. f4 exf4 10. Bxf4 Nc6 11. Qd2 d5 12. e5 Ne4 13. Nxe4 dxe4 14. O-O-O Qxd2+ 15. Nxd2 Nd4 16. Bf1 Rc8 17. c3 Bxa2 18. Nxe4 Nb3+ 19. Kc2 Na5 20. Nd6+ Bxd6 21. Rxd6 Bb3+ 22. Kc1 Bc4 23. Bxc4 Nxc4 24. Rd5 h6 25. Re1 Ke7 26. e6 fxe6 27. b3 Nb6 28. Rd6 Rxc3+ 29. Kb2 Rc6 30. Rexe6+ Kf7 31. Rxc6 bxc6 32. Rxc6 Nd5 33. Bd2 Re8 34. Rd6 Nf6 35. Bc3 Re2+ 36. Rd2 Rxd2+ 37. Bxd2 Ne4 38. Be3 Ke6 39. Ka3 Kd5 40. Kb4 Kc6 41. Ka5 Kb7 42. Bd4 1/2-1/2

[Event "Chigorin Memorial 2018"]
[Site "St. Petersburg"]
[Date "2018.11.01"]
[Round "6.105"]
[White "Pankova, Julia"]
[Black "Efremov, Vladislav"]
[Result "1-0"]
[WhiteElo "1826"]
[BlackElo "2035"]
[PlyCount "69"]
[EventDate "2018.10.27"]
[EventType "swiss"]
[EventCountry "RUS"]
[WhiteTeam "Russland"]
[BlackTeam "Russland"]
[WhiteTeamCountry "RUS"]
[BlackTeamCountry "RUS"]

1. e4 c5 2. Nf3 a6 3. c4 e6 4. d4 cxd4 5. Nxd4 b6 6. Nc3 Bb7 7. Be2 d6 8. Be3 Nf6 9. Qc2 Be7 10. O-O O-O 11. f4 Nbd7 12. Bf3 Qc7 13. b3 Rac8 14. Rac1 Rfe8 15. Kh1 Qb8 16. g4 e5 17. Nf5 exf4 18. Bxf4 Ne5 19. Bxe5 dxe5 20. Rcd1 Bc6 21. Qg2 Nd7 22. g5 Nf8 23. Nd5 Bxd5 24. cxd5 Bd6 25. Bg4 Rc5 26. Qf3 Rd8 27. Nh6+ Kh8 28. Nxf7+ Kg8 29. Nxd8 Qxd8 30. Qf7+ Kh8 31. Rd3 Ng6 32. Rdf3 Rc7 33. Qxg6 hxg6 34. Rh3+ Kg8 35. Be6+ 1-0

[Event "Chigorin Memorial 2018"]
[Site "St. Petersburg"]
[Date "2018.11.01"]
[Round "6.106"]
[White "Shapar, Tatiana"]
[Black "Bunin, Serafim"]
[Result "1-0"]
[WhiteElo "2034"]
[BlackElo "1876"]
[PlyCount "61"]
[EventDate "2018.10.27"]
[EventType "swiss"]
[EventCountry "RUS"]
[WhiteTeam "Russland"]
[BlackTeam "Russland"]
[WhiteTeamCountry "RUS"]
[BlackTeamCountry "RUS"]

1. e4 e6 2. d4 d5 3. exd5 exd5 4. Nf3 Bd6 5. Bd3 Ne7 6. O-O Nbc6 7. c3 Bg4 8. Nbd2 Qd7 9. Qc2 O-O-O 10. b4 Ng6 11. b5 Nce7 12. a4 Nf4 13. b6 axb6 14. a5 b5 15. Ba3 Bxf3 16. Nxf3 Qg4 17. Ne1 Qh5 18. g3 Nxd3 19. Nxd3 Qf5 20. Qe2 Qe4 21. Qd1 Ng6 22. Bxd6 Rxd6 23. Nc5 Qf5 24. Qe2 c6 25. a6 b6 26. a7 Kc7 27. a8=Q Rxa8 28. Rxa8 bxc5 29. dxc5 Nf4 30. cxd6+ Kb7 31. Qe7+ 1-0

[Event "Chigorin Memorial 2018"]
[Site "St. Petersburg"]
[Date "2018.11.01"]
[Round "6.107"]
[White "Dmitriev, Vladimir"]
[Black "Shakirov, Marat"]
[Result "1/2-1/2"]
[WhiteElo "2031"]
[BlackElo "1821"]
[PlyCount "93"]
[EventDate "2018.10.27"]
[EventType "swiss"]
[EventCountry "RUS"]
[WhiteTeam "Russland"]
[BlackTeam "Russland"]
[WhiteTeamCountry "RUS"]
[BlackTeamCountry "RUS"]

1. e4 e5 2. Nf3 Nc6 3. Bc4 Bc5 4. O-O Nf6 5. d4 exd4 6. e5 d5 7. Bb5 Ne4 8. Nxd4 Bd7 9. Bxc6 bxc6 10. c3 O-O 11. Nd2 Nxd2 12. Bxd2 Rb8 13. b4 Bb6 14. a4 a6 15. Nb3 f6 16. a5 Ba7 17. Qe2 fxe5 18. Qxe5 Rf5 19. Qg3 c5 20. Bf4 cxb4 21. Bxc7 Qc8 22. Nd4 Bxd4 23. cxd4 Rb7 24. Rac1 Bb5 25. Rfe1 Bc4 26. Re7 Rf7 27. Rce1 Rxc7 28. Re8+ Rf8 29. Rxc8 Rfxc8 30. h4 b3 31. h5 h6 32. f4 b2 33. Rb1 Rb7 34. Qa3 Rcb8 35. f5 Be2 36. f6 Bxh5 37. Qg3 g6 38. Qd6 g5 39. Qxd5+ Bf7 40. Qe4 Rc7 41. Kh2 Ba2 42. Qg6+ Kh8 43. Rxb2 Rxb2 44. Qe8+ Kh7 45. Qe4+ Kg8 46. Qe8+ Kh7 47. Qe4+ 1/2-1/2

[Event "Chigorin Memorial 2018"]
[Site "St. Petersburg"]
[Date "2018.11.01"]
[Round "6.108"]
[White "Nikitinyh, Boris"]
[Black "Nuritdinov, Nizomitdin"]
[Result "1-0"]
[WhiteElo "2031"]
[BlackElo "1796"]
[PlyCount "117"]
[EventDate "2018.10.27"]
[EventType "swiss"]
[EventCountry "RUS"]
[WhiteTeam "Russland"]
[BlackTeam "Russland"]
[WhiteTeamCountry "RUS"]
[BlackTeamCountry "RUS"]

1. e4 d6 2. d4 Nf6 3. Nc3 c6 4. Bd3 g6 5. f4 Bg7 6. Nf3 O-O 7. O-O c5 8. dxc5 dxc5 9. Be3 b6 10. Qe2 Bb7 11. Rad1 Qc8 12. Ne5 Nc6 13. Nxc6 Bxc6 14. e5 Ng4 15. Ba6 Qf5 16. Bc1 Rad8 17. h3 Nh6 18. g4 Qe6 19. Bc4 Qc8 20. Nd5 Bxd5 21. Rxd5 Rxd5 22. Bxd5 e6 23. Bg2 Rd8 24. f5 exf5 25. g5 Re8 26. gxh6 Bxe5 27. Qf3 Qe6 28. a3 Qc4 29. c3 Qh4 30. Bf4 Bf6 31. Qc6 Rd8 32. Bg3 Qg5 33. Re1 Be7 34. Qc7 Bf8 35. Bf4 Qh4 36. Bg3 Qg5 37. h4 Qd2 38. c4 Bxh6 39. Bd5 Be3+ 40. Kh1 Rxd5 41. Rxe3 Qd1+ 42. Be1 Rd4 43. Qb8+ Kg7 44. Qe5+ Kh6 45. Qe7 Rg4 46. Kh2 Qc2+ 47. Re2 Qxc4 48. Qe3+ f4 49. Qf3 f5 50. Bf2 Qc1 51. Re7 Qxb2 52. Kh3 Qc1 53. Be1 Rg1 54. Qb7 Qxa3+ 55. Kh2 Qb2+ 56. Kxg1 Qd4+ 57. Kh1 Qd1 58. Kh2 Kh5 59. Rxh7+ 1-0

[Event "Chigorin Memorial 2018"]
[Site "St. Petersburg"]
[Date "2018.11.01"]
[Round "6.109"]
[White "Vorobyova, Valeriya"]
[Black "Vasilenko, Ekaterina"]
[Result "1/2-1/2"]
[WhiteElo "2030"]
[BlackElo "1785"]
[PlyCount "113"]
[EventDate "2018.10.27"]
[EventType "swiss"]
[EventCountry "RUS"]
[WhiteTeam "Russland"]
[BlackTeam "Ukraine"]
[WhiteTeamCountry "RUS"]
[BlackTeamCountry "UKR"]

1. e4 e6 2. d4 d5 3. Nc3 Be7 4. Nf3 Nf6 5. Bd3 c5 6. exd5 Nxd5 7. Nxd5 Qxd5 8. c4 Qh5 9. d5 exd5 10. cxd5 Bd7 11. Qb3 b6 12. O-O O-O 13. Bf4 Qg4 14. Bg3 Qa4 15. Qxa4 Bxa4 16. b3 Bd7 17. Rae1 Bf6 18. Re3 Bg4 19. Ne5 Bxe5 20. Rxe5 Nd7 21. Re7 Nf6 22. Bc4 b5 23. Bxb5 Nxd5 24. Re5 Nc3 25. Bc4 Nxa2 26. f3 Bc8 27. Rxc5 Be6 28. Ra1 Nb4 29. Bxe6 fxe6 30. Rc7 Rf7 31. Rc4 Nd5 32. Re4 Rb7 33. Rxe6 Rxb3 34. Rd6 Rb5 35. Be5 Ne3 36. Bc3 Rd5 37. Re6 Rd3 38. Bb4 Nc2 39. Ra4 Rd4 40. Re4 Rxb4 41. Raxb4 Nxb4 42. Rxb4 a5 43. Ra4 Kf7 44. Kf2 Ke6 45. Ke3 Kd5 46. Kd3 Ra7 47. Rh4 g6 48. Kc3 Kc5 49. Kb3 Kb5 50. Ka3 Rd7 51. Rg4 Rd5 52. h4 Rd3+ 53. Kb2 a4 54. Kc2 Re3 55. Kb2 Rd3 56. Kc2 Re3 57. Kb2 1/2-1/2

[Event "Chigorin Memorial 2018"]
[Site "St. Petersburg"]
[Date "2018.11.01"]
[Round "6.110"]
[White "Osipov, Aleksandr"]
[Black "Kudin, Alexander"]
[Result "0-1"]
[WhiteElo "2021"]
[BlackElo "1654"]
[PlyCount "150"]
[EventDate "2018.10.27"]
[EventType "swiss"]
[EventCountry "RUS"]
[WhiteTeam "Russland"]
[BlackTeam "Russland"]
[WhiteTeamCountry "RUS"]
[BlackTeamCountry "RUS"]

1. d4 d5 2. c4 e6 3. Nc3 Nf6 4. cxd5 exd5 5. Bg5 c6 6. e3 Be7 7. Bd3 Be6 8. Nge2 Nbd7 9. Qc2 h6 10. Bh4 Rc8 11. h3 O-O 12. O-O c5 13. dxc5 Nxc5 14. Rfd1 Nfe4 15. Bxe4 Nxe4 16. Bxe7 Qxe7 17. Qa4 Nxc3 18. Nxc3 Qg5 19. h4 Qf6 20. Qxa7 Qxh4 21. Qd4 Qxd4 22. Rxd4 Rc4 23. Rad1 Rxd4 24. Rxd4 Rc8 25. Kf1 Kf8 26. Ke2 Rc4 27. Rd2 Rc5 28. Kd1 Ke7 29. a4 f5 30. Kc2 Kd6 31. Rd1 Rc4 32. g3 Rc5 33. Kd3 Bd7 34. Ra1 Rc4 35. b3 Rb4 36. Kc2 Ke5 37. Rd1 Be6 38. a5 h5 39. f4+ Kd6 40. Kb2 d4 41. Rxd4+ Kc5 42. Rd8 Rxb3+ 43. Kc2 Kc4 44. Rd4+ Kc5 45. Rd8 Kb4 46. Rd4+ Kxa5 47. Rd6 Rb6 48. Rd4 Rc6 49. Ra4+ Kb6 50. Kd3 Rd6+ 51. Kc2 Bd7 52. Rb4+ Kc7 53. Nb5+ Bxb5 54. Rxb5 g6 55. Re5 Kd7 56. Rb5 b6 57. Kc3 Re6 58. Kd4 Kc6 59. Rb1 Re4+ 60. Kd3 b5 61. Rc1+ Kd7 62. Rc5 b4 63. Rb5 Kc7 64. Rc5+ Kb6 65. Rc8 Re6 66. Kd4 Rd6+ 67. Ke5 Rc6 68. Rb8+ Kc5 69. Rb7 Kc4 70. Rb8 b3 71. Rb7 Rc5+ 72. Kf6 Rb5 73. Rc7+ Kd3 74. Rc1 Rb6+ 75. Ke5 b2 0-1

[Event "Chigorin Memorial 2018"]
[Site "St. Petersburg"]
[Date "2018.11.01"]
[Round "6.111"]
[White "Ponomarev, Vsevolod"]
[Black "Shihaliev, Leonard"]
[Result "0-1"]
[WhiteElo "1812"]
[BlackElo "2010"]
[PlyCount "58"]
[EventDate "2018.10.27"]
[EventType "swiss"]
[EventCountry "RUS"]
[WhiteTeam "Russland"]
[BlackTeam "Russland"]
[WhiteTeamCountry "RUS"]
[BlackTeamCountry "RUS"]

1. e4 e5 2. Nf3 Nc6 3. Bb5 g6 4. c3 a6 5. Ba4 Bg7 6. d4 exd4 7. cxd4 b5 8. Bb3 Nge7 9. O-O O-O 10. Bg5 h6 11. Bh4 g5 12. Bg3 d6 13. Nc3 Bg4 14. Ne2 Qc8 15. Qd3 Bh5 16. Rac1 Qd7 17. Rfd1 Bg6 18. Nd2 Kh7 19. f4 f5 20. Qe3 fxe4 21. d5 Na5 22. Nxe4 Nxb3 23. axb3 Rae8 24. N4c3 Nxd5 25. Qd2 Ne3 26. Re1 Qc6 27. Nd4 Bxd4 28. Kh1 gxf4 29. Bh4 Bg7 0-1

[Event "Chigorin Memorial 2018"]
[Site "St. Petersburg"]
[Date "2018.11.01"]
[Round "6.112"]
[White "Mamontova, Anastasia"]
[Black "Tsarkov, Mikhail"]
[Result "1-0"]
[WhiteElo "2009"]
[BlackElo "1650"]
[PlyCount "67"]
[EventDate "2018.10.27"]
[EventType "swiss"]
[EventCountry "RUS"]
[WhiteTeam "Russland"]
[BlackTeam "Russland"]
[WhiteTeamCountry "RUS"]
[BlackTeamCountry "RUS"]

1. e4 c6 2. d4 d5 3. e5 Bf5 4. h4 h6 5. g4 Bd7 6. h5 Qb6 7. c3 e6 8. f4 c5 9. Nf3 Nc6 10. Rh2 Rc8 11. Rc2 Be7 12. Be3 cxd4 13. cxd4 Bd8 14. Nbd2 Nge7 15. Kf2 O-O 16. Nb3 Nb4 17. Rxc8 Nxc8 18. Nc5 Bb5 19. Qb3 Bxf1 20. Rxf1 Re8 21. a3 Na6 22. Qxb6 axb6 23. Nxb7 Bc7 24. Rc1 Na7 25. b4 Rb8 26. Nd6 Bxd6 27. exd6 Rd8 28. a4 Nxb4 29. Rc7 Nac6 30. Ne5 Nxe5 31. dxe5 d4 32. Bxd4 Nd5 33. Rb7 Nxf4 34. Bxb6 1-0

[Event "Chigorin Memorial 2018"]
[Site "St. Petersburg"]
[Date "2018.11.01"]
[Round "6.113"]
[White "Levicheva, Ekaterina"]
[Black "Lekhtonen, Yaroslav"]
[Result "1-0"]
[WhiteElo "2004"]
[BlackElo "1639"]
[PlyCount "61"]
[EventDate "2018.10.27"]
[EventType "swiss"]
[EventCountry "RUS"]
[WhiteTeam "Russland"]
[BlackTeam "Russland"]
[WhiteTeamCountry "RUS"]
[BlackTeamCountry "RUS"]

1. Nf3 d5 2. g3 c6 3. Bg2 Nf6 4. O-O Bf5 5. d3 e6 6. Nbd2 Be7 7. Qe1 h6 8. e4 Bh7 9. Qe2 O-O 10. Ne1 Qb6 11. Kh1 dxe4 12. dxe4 e5 13. Nd3 Nbd7 14. b3 Rfe8 15. Nc4 Qc7 16. Bb2 Bf8 17. f3 Nb6 18. Ndxe5 Nfd7 19. Nxd7 Nxd7 20. Ne3 Bd6 21. Rad1 Rad8 22. Rd2 Be5 23. Bxe5 Nxe5 24. Rfd1 Qa5 25. a4 Qb6 26. f4 Ng6 27. Nc4 Qc7 28. Nd6 Re6 29. Nf5 Rxd2 30. Qxd2 Nf8 31. Nd6 1-0

[Event "Chigorin Memorial 2018"]
[Site "St. Petersburg"]
[Date "2018.11.01"]
[Round "6.114"]
[White "Vorobieva, Varvara"]
[Black "Kirchei, Viktoriia"]
[Result "1-0"]
[WhiteElo "1760"]
[BlackElo "2002"]
[PlyCount "89"]
[EventDate "2018.10.27"]
[EventType "swiss"]
[EventCountry "RUS"]
[WhiteTeam "Russland"]
[BlackTeam "Russland"]
[WhiteTeamCountry "RUS"]
[BlackTeamCountry "RUS"]

1. e4 c5 2. c3 Nf6 3. e5 Nd5 4. d4 cxd4 5. cxd4 d6 6. Bc4 Nb6 7. Bb5+ Bd7 8. e6 fxe6 9. Bd3 g6 10. h4 Qc7 11. h5 g5 12. Nf3 Nc6 13. Bxg5 Bg7 14. Nc3 Nb4 15. Rc1 Nxd3+ 16. Qxd3 Qc4 17. Qd2 Qb4 18. a3 Qb3 19. h6 Bf8 20. Qe2 Nd5 21. Nd2 Qb6 22. Nc4 Qc6 23. Ne4 Kd8 24. Ncxd6 Qxc1+ 25. Bxc1 exd6 26. Bg5+ Kc7 27. O-O Re8 28. Rc1+ Kb8 29. Qh5 Be7 30. Bxe7 Rxe7 31. Nxd6 Rg8 32. g3 Bc6 33. Qe5 Ka8 34. b4 a6 35. Rc2 Rd8 36. Ne4 Nc7 37. Nc5 Rd5 38. Qf6 Re8 39. Rc1 Rf5 40. Qg7 Bf3 41. Rc3 Kb8 42. Nd7+ Ka7 43. Ne5 Nd5 44. Nxf3 Re7 45. Qg4 1-0